| 000 | 01229cam a2200241 4500 | ||
|---|---|---|---|
| 001 | ABS64074 | ||
| 008 | 000000n2001 000 0 eng u | ||
| 035 | _a(Sirsi) u112610 | ||
| 100 | _aFreer, J | ||
| 245 | _aTerm report | ||
| 260 | _c2001 | ||
| 490 |
_aSurveyor _v188(5629) 3 May 2001, 13-15(3) |
||
| 520 | _aWith the DETR's final assessment of local transport plans now complete, the Technical Adviser's Group (TAG) reports back on the process of developing local transport plans (LTPs) to date, and discusses the issues surrounding government's 10 year transport plan. Suggests that clear guidelines are required for the next LTPs and that the process should be transparent, with enough consultation. Sets out the main challenges that local authorities will face when delivering integrated transport, which include competition between different forms of transport and lack of integration between strategic objectives, and suggests possible solutions. | ||
| 590 | _aABS | ||
| 650 | _aTRANSPORT ACT 2000 | ||
| 650 | _aLOCAL TRANSPORT PLANS | ||
| 650 | _aLOCAL AUTHORITIES | ||
| 650 | _aCAR USE | ||
| 650 | _aINTEGRATED TRANSPORT | ||
| 650 | _aFUNDING | ||
| 690 | _aTRANSPORT AND COMMUNICATIONS | ||
| 942 | _n0 | ||
| 999 |
_c67033 _d67033 |
||